A people and a nation
Đã lưu trong:
| 主要作者: | |
|---|---|
| 格式: | 图书 |
| 语言: | Undetermined |
| 出版: |
Boston, Massachusetts
Houghton Mifflin
1984
|
| 主题: | |
| 标签: |
添加标签
没有标签, 成为第一个标记此记录!
|
| Thư viện lưu trữ: | Trung tâm Học liệu Trường Đại học Cần Thơ |
|---|
| LEADER | 00486nam a2200181Ia 4500 | ||
|---|---|---|---|
| 001 | CTU_43064 | ||
| 008 | 210402s9999 xx 000 0 und d | ||
| 082 | |a 973 | ||
| 082 | |b B873 | ||
| 100 | |a William Brophy | ||
| 245 | 2 | |a A people and a nation | |
| 245 | 0 | |c William Brophy | |
| 260 | |a Boston, Massachusetts | ||
| 260 | |b Houghton Mifflin | ||
| 260 | |c 1984 | ||
| 650 | |a united states - history | ||
| 904 | |i Minh, 010824 | ||
| 980 | |a Trung tâm Học liệu Trường Đại học Cần Thơ | ||